Drapeaux d'Europe - Statistiques

Statistiques générales
  • Ce quiz a été pris 223 fois
    206 depuis la dernière actualisation
  • Le résultat moyen est 40 sur 45
Statistiques - réponses
Par images Réponse % Correct
Allemagne
100%
Belgique
100%
Espagne
100%
France
100%
Italie
100%
Portugal
100%
Royaume Uni
100%
Suede
99%
Suisse
99%
Ukraine
98%
Grece
97%
Irlande
97%
Norvege
97%
Finlande
96%
Albanie
94%
Pays Bas
94%
Russie
94%
Croatie
93%
Pologne
93%
Roumanie
92%
Danemark
91%
Luxembourg
91%
Monaco
89%
Macedoine du nord
88%
Republique Tcheque
87%
Autriche
85%
Estonie
85%
Hongrie
85%
Islande
85%
Malte
85%
Bulgarie
84%
Lituanie
84%
Slovaquie
84%
Vatican
84%
Slovenie
83%
Kosovo
81%
Lettonie
81%
Serbie
81%
Bielorussie
80%
Andorre
79%
Saint Marin
79%
Montenegro
77%
Moldavie
76%
Bosnie
74%
Liechtenstein
73%
Aucun quiz correspondant
Distribution des résultats
% des personnes avec chaque résultat
Percentile par nombre de réponses
Votre historique - résultats
Vous n’avez pas pris ce quiz depuis la dernière actualisation